000 00417nam a22001697a 4500
003 koha_MIRAKIL
005 20231213095710.0
008 231213b |||||||| |||| 00| 0 ||| d
020 _b8-88148249-5
040 _aTR-IsEVY
_btur
_cTR-IsEVY
082 _a468.6421 CAP
245 0 _aCaperucita Roja
260 _bEli publishing,
_c1997
300 _a24
650 _aİspanyol ve Portekiz Dillei.
942 _2ddc
_cBK
999 _c7958
_d7958